| 000 | 00518nam a2200193Ia 4500 | ||
|---|---|---|---|
| 005 | 20250115042853.0 | ||
| 008 | 240331s9999 xx 000 0 und d | ||
| 020 | _a0415114837 | ||
| 082 |
_bSAB _22280 _a305.3 |
||
| 245 | 0 |
_aGender Reversals & Gender Cultures _bAnthropological and Historical Perspectives |
|
| 260 |
_aLondon _aNew York _bRoutledge _c1996 |
||
| 300 | _axiii, 231 | ||
| 650 | _aGender | ||
| 650 | _aCulture | ||
| 650 | _aHistory | ||
| 650 | _aAnthropology | ||
| 700 |
_aRamet, S. P _eedt |
||
| 942 | _cL | ||
| 999 |
_c2049 _d2049 |
||